000 00366pam a2200157a 44500
008 230515b1990 xxu||||| |||| 00| 0 eng d
020 _aNULL
041 _aENGLISH
082 _aN.D.
100 _aJain P.L.
245 _aPrincipals Of Doundry Technology
250 _a0
260 _aNULL
_bTata McGraw Hill Publishing
_c1990
300 _a264
650 _aNULL
999 _c570920
_d570920